00528nam a22001937a 450000500170000001000140001702000110003103500130004203700130005508200120006810000180008024500560009826000440015427000560019830000340025465000270028865000160031570000030033120100810143136.0 aENG-99175 c260.00 aEN-82706 bDBAD/PUB a621.381 aBasavaraj, B. aA text book of basic electronics /cby B. Basavaraj aMumbaibHimalaya Publishing Housec2007 bMumbaie400004aRamdoot, Dr. Bhalerao Marg, Girgaon1 axii, 438p.:c24cm (pbk)bill. aElectrical engineering aElectronics